000 00939nas a2200265 4500
001 BR8201000
003 BR-BrBNA
005 20231205085043.0
007 ta
008 230509b bl.|||p| |||| 00| 00por d
040 _aBR-BrBNA
_bpor
_cBiblioteca Nacional de Agricultura
041 _a(Pt)
072 _aH10
100 1 _aMoraes, G.J. de
100 1 _aNormanha Filho, J.A.
245 1 _aSurto de Scrobipalpula absoluta (Meyrick)em tomateiro no tropico semi-arido [Lycopersicum esculentum; Inseto]
246 1 _aAn outbreak of Scrobipalpula absoluta (Meyrick)in tomato crop in the semi-arid tropic [Lycopersicum esculentum; Insect]
650 _aPraga de planta
650 _aTomate
650 _aInseto
650 _aTropico semi-arido
773 0 _tPesquisa Agropecuaria Brasileira (Brazil)
_xISSN 0100-204X
_g(Mar 1982), v. 17(3) p. 503-504
_wBR8201000
909 _a202311
_bLúcia
_c55
_dLúcia Elande
942 _2AGRIS
_n0
_cANA
999 _c108915
_d108915